| 000 | 00823nam a22002177a 4500 | ||
|---|---|---|---|
| 008 | 090427t xxu||||| |||| 00| 0 eng d | ||
| 020 | _a9783540776079 | ||
| 020 | _a9783540776086 | ||
| 082 |
_222 _a620.5 _bNAN |
||
| 245 | 1 | 0 |
_aNanotribology and nanomechanics _bAn introduction / _cEdited by Bharat Bhushan. |
| 250 | _a2nd ed. | ||
| 260 |
_aBerlin : _bSpringer, _cc2008. |
||
| 300 |
_axxxiv, 1516 p. : _bill. ; _c25 cm. |
||
| 504 | _aIncludes bibliographical references and index. | ||
| 650 | 0 |
_aNanotechnology. _94384 |
|
| 650 | 0 |
_aTribology. _94385 |
|
| 650 | 0 |
_aNanoelectromechanical systems. _94386 |
|
| 700 | 1 |
_aBhushan, Bharat, _d1949- _94387 |
|
| 942 |
_2ddc _cBB |
||
| 999 |
_c11446 _d11446 |
||